| 000 | 01043nam0a22002651 4500 | ||
|---|---|---|---|
| 001 | rc\1086017 | ||
| 005 | 20260406113508.0 | ||
| 035 | _a(NLR Aleph) 006333493 | ||
| 090 |
_a7569786 _c7569786 |
||
| 100 | _a20041126d1984 |||y0rusy50 ca | ||
| 101 | 0 | _arus | |
| 102 | _aRU | ||
| 105 | _aa ||||||||| | ||
| 200 | 1 |
_aКомплексное использование природных ресурсов Нахичеванской АССР _e[Сб. ст.] _fАН АзССР, Нахичеван. науч. центр _g[Редкол.: А.Н. Нуриев (гл. ред.) и др.] |
|
| 210 |
_aБаку _cЭлм _d1984 |
||
| 215 |
_a148 с. _cил. _d20 |
||
| 300 | _aЧасть текста: азерб. | ||
| 320 | _aБиблиогр. в примеч. в конце ст. | ||
| 702 | 1 |
_aНуриев _bА.Н. _4340 |
|
| 712 | 0 | 2 |
_aАН АзССР _cБаку _bНахичеванский науч. центр _3RU\NLR\AUTH\889503 _9291446 |
| 801 | 0 |
_aRU _bNLR _gpsbo |
|
| 801 | 1 |
_aRU _bELAR _2rusmarc |
|
| 852 |
_aNLR _j85-3/2120 |
||
| 942 | _cBOOK | ||
| 980 | _aNB | ||